| 000 | 00623nam a2200181Ia 4500 | ||
|---|---|---|---|
| 008 | 090124s9999 xx 000 0 und d | ||
| 082 |
_b3032 _a204 |
||
| 100 | _aखैर वि.भा. | ||
| 245 | _a लोकमान्यांची विधायक कामगिरी | ||
| 250 | _a1 | ||
| 260 | _c1926 | ||
| 300 | _a53 | ||
| 600 | _aखैर वि.भा. | ||
| 630 | _a लोकमान्यांची विधायक कामगिरी | ||
| 700 | _aखैर वि.भा. | ||
| 730 | _a लोकमान्यांची विधायक कामगिरी | ||
| 942 | _cBOOK | ||
| 999 |
_c116976 _d116976 |
||